| 000 | 00000nas 2200000za 4500 |
| 001 | 9.812057 |
| 003 | CaOODSP |
| 005 | 20221107141229 |
| 007 | cr ||||||||||| |
| 008 | 160229d19711973oncar p oss f000#b0fre|d |
| 022 | |y0317-9788 |
| 040 | |aCaOODSP|bfre |
| 041 | |aeng|afre |
| 043 | |an-cn--- |
| 086 | 1 |aCS81-204-PDF |
| 245 | 00|aFall enrolment in universities and colleges |h[ressource électronique] = |bInscriptions d'automne aux universités et collèges. |
| 246 | 11|aInscriptions d'automne aux universités et collèges |
| 260 | |aOttawa : |bStatistique Canada, |c1972-1973. |
| 310 | |aAnnuel |
| 362 | 0 |a1970/71-1971/72. |
| 500 | |aÉdition numérisée de l’imprimé [par Statistique Canada]. |
| 546 | |aTexte en anglais et en français. |
| 692 | 07|2gccst|aEnseignement postsecondaire |
| 710 | 1 |aCanada.|bStatistique Canada.|bSection de l'information sur les étudiants. |
| 780 | 00|tSurvey of higher education. |w(CaOODSP)9.812053 |
| 785 | 00|tFall enrolment in universities |w(CaOODSP)9.812059 |
| 791 | |tFall enrolment in universities and colleges |eeng|w(CaOODSP)9.812056 |